| 000 | 00819nam a2200253 i 4500 | ||
|---|---|---|---|
| 001 | 10602 | ||
| 003 | ES-MaACL | ||
| 005 | 20260426162624.0 | ||
| 007 | t| | ||
| 008 | 940209s1993 sp |||| |dspa j | ||
| 020 | _a84-7517-350-0 | ||
| 080 | _a929 Rilke, Rainer Maria | ||
| 080 | _a821.133.1-6"19" | ||
| 100 | 1 |
_aRilke, Rainer Maria, _d1875-1926 _997230 |
|
| 245 | 1 | 0 |
_aCartas a una amiga veneciana / _cRainer Maria Rilke ; traducción y prólogo de Jorge Gimeno. |
| 260 |
_aMadrid : _bHiperión, _c[1993] |
||
| 300 |
_a88 p ; _c20 cm. |
||
| 490 | 1 |
_aLibros Hiperión ; _v142 |
|
| 600 | 1 | 4 |
_aRilke, Rainer Maria, _d1875-1926- _vCorrespondencia _997231 |
| 700 | 1 |
_aGimeno, Jorge. _957080 |
|
| 830 | 0 | 0 |
_aLibros Hiperión _v142 _9178016 |
| 852 |
_aES-MaACL _jL-17987 |
||
| 999 |
_c10602 _d10602 |
||